000
00228 a2200097 4500
001
13494
100
_a
Johnson H
245
_a
The socialist sixth of the world
260
_a
London
_b
Victor golloncz ltd
_c
090
_c
10499
_d
10499
942
_a
NUST-CAE
_c
M
_c
557
999
_c
248567
_d
248567